[Event "Harmonie"]
[Site "Groningen NED"]
[Date "2006.12.27"]
[Round "4"]
[White "Michielsen,J"]
[Black "Bitalzadeh,A"]
[Result "1/2-1/2"]
[WhiteElo "2334"]
[BlackElo "2345"]

1.e4 e6 2.d4 d5 3.Nc3 Bb4 4.e5 b6 5.a3 Bxc3+ 6.bxc3 Qd7 7.h4 Ba6 8.h5 h6
9.a4 Bxf1 10.Kxf1 Nc6 11.Qg4 f5 12.Qg3 Kf7 13.Ne2 Nge7 14.Nf4 Kg8 15.Qh4 Kh7
16.g4 fxg4 17.Qxg4 Nd8 18.Rg1 Rg8 19.Ba3 c5 20.Kg2 Rc8 21.Kh2 cxd4 22.Bxe7 Qxe7
23.cxd4 Qf7 24.Ra3 Rxc2 25.Rf3 Qe8 26.Nxd5 exd5 27.Qf5+ Kh8 28.Qxc2 Qxh5+
29.Rh3 Qf7 30.Qd2 Ne6 31.Rgg3 Rc8 32.Rxh6+ gxh6 33.Qxh6+ Qh7 34.Rh3 Qxh6
35.Rxh6+ Kg7 36.Rxe6 Rc4 37.Re7+  1/2-1/2

[Event "Masters"]
[Site "Singapore SIN"]
[Date "2006.12.28"]
[Round "6"]
[White "Song,A"]
[Black "Dotsenko,Vi"]
[Result "1/2-1/2"]
[WhiteElo "2032"]
[BlackElo "2125"]

1.e4 e6 2.d4 d5 3.Nc3 Bb4 4.e5 b6 5.Qg4 Bf8 6.Bb5+ Bd7 7.Bd3 Bc6 8.Bg5 Qd7
9.f4 Bb7 10.Nf3 Ba6 11.Bxa6 Nxa6 12.O-O c6 13.a3 Nc7 14.Kh1 c5 15.Rad1 c4
16.Nd2 f6 17.exf6 gxf6 18.Bh4 O-O-O 19.f5 Nh6 20.fxe6 Nxg4 21.exd7+ Rxd7
22.Rde1 Bh6 23.Nf3 Rf8 24.Re2 Kb7 25.Rfe1 Bf4 26.h3 Nh6 27.g4 Ng8 28.g5 fxg5
29.Nxg5 Rf5 30.Rg2 Nh6 31.Nf3 Bd6 32.Ng5 Bf4 33.Nf3  1/2-1/2

[Event "Weihnachtsopen Masters"]
[Site "Zurich SUI"]
[Date "2006.12.28"]
[Round "4"]
[White "Widmer,S"]
[Black "Schiendorfer,F"]
[Result "1-0"]
[WhiteElo "2201"]
[BlackElo "2049"]

1.e4 e6 2.d4 d5 3.Nc3 Bb4 4.e5 Ne7 5.a3 Bxc3+ 6.bxc3 c5 7.Nf3 Nbc6 8.a4 Qa5
9.Bd2 Bd7 10.Be2 f6 11.c4 Qc7 12.exf6 gxf6 13.cxd5 Nxd5 14.c4 Nde7 15.dxc5 O-O-O
16.O-O e5 17.Bc3 Rhg8 18.Nd2 Bh3 19.Bf3 Rd3 20.Kh1 Rxc3 21.gxh3 Nd4 22.Bg2 Rd3
23.Rb1 Nec6 24.Be4 Qg7 25.Rxb7 Qg5 26.Qb1 Nf3 27.Bxf3 Rxf3 28.Rg1 Qxg1+ 29.Qxg1 Rxg1+
30.Kxg1 Rd3 31.Rb2 Nd4 32.Ne4 Ne6 33.Nxf6 Nf4 34.Rb1 Nxh3+ 35.Kg2 Nf4+ 36.Kf1 Ra3
37.Ng4 Nd3 38.Rd1 e4 39.Nf6 Nxf2 40.Kxf2 Rf3+ 41.Ke2 Rxf6 42.Rd6 Rf5 43.Rd5 Rf3
44.Re5 Rh3 45.Rxe4 Rxh2+ 46.Kd3 h5 47.Re7 Kb8 48.c6 Rb2 49.Kd4 h4 50.Rh7 a5
51.Rxh4 Rg2 52.Kc5 Rg8 53.Kb6 Rc8 54.c7+ Rxc7 55.Rh8+ Rc8 56.Rxc8+ Kxc8 57.c5 Kb8
58.c6 Ka8 59.Kc7  1-0

[Event "1st Hotel Bern Open"]
[Site "Bern SUI"]
[Date "2006.12.29"]
[Round "6"]
[White "Pleininger,R"]
[Black "Bigg,A"]
[Result "0-1"]
[WhiteElo "1994"]
[BlackElo "2248"]

1.e4 e6 2.d4 d5 3.Nc3 Bb4 4.e5 Ne7 5.Bd2 c5 6.Nb5 Bxd2+ 7.Qxd2 O-O 8.f4 cxd4
9.Nf3 Nbc6 10.Nfxd4 Qb6 11.c3 Bd7 12.Rd1 f6 13.exf6 Rxf6 14.Bd3 Raf8 15.Nxc6 bxc6
16.Nd4 Rxf4 17.Rf1 Rxf1+ 18.Bxf1 e5 19.Nb3 Qg1  0-1

[Event "XVII Cracovia A"]
[Site "Krakow POL"]
[Date "2006.12.29"]
[Round "3"]
[White "Nguyen,P"]
[Black "Jakubiec,A"]
[Result "0-1"]
[WhiteElo "2211"]
[BlackElo "2488"]

1.e4 e6 2.d4 d5 3.Nc3 Bb4 4.e5 b6 5.Qg4 Bf8 6.Nf3 Qd7 7.Bd3 Ba6 8.O-O Bxd3
9.cxd3 Nc6 10.Bd2 h5 11.Qh3 Nge7 12.Ne2 Nf5 13.a3 a5 14.b4 a4 15.Rfc1 Na7
16.Ng3 Nxg3 17.fxg3 Nb5 18.g4 h4 19.g5 O-O-O 20.Qg4 Be7 21.Nxh4 Rhg8 22.Be3 Kb7
23.Qd1 Ra8 24.Qc2 f6 25.Nf3 fxg5 26.Qf2 Qe8 27.Bxg5 Bxg5 28.Nxg5 Qg6 29.Qe3 Rgf8
30.Nh3 Qg4 31.Qg5 Qxd4+ 32.Kh1 Rf7 33.Qg6 Re7 34.Qg5 Rae8 35.Nf4 Rf7 36.g3 Qe3
37.Qh5 Rxf4 38.Qxe8 Rf2 39.Qh5 Qxd3 40.Qg4 Nd4 41.Rg1 Nf3 42.Qh3 Qe4 43.Rg2 Ng5  0-1

[Event "5th Parsvnath Open"]
[Site "New Delhi IND"]
[Date "2007.01.16"]
[Round "3"]
[White "Hasan,Me"]
[Black "Drozdovskij,Y"]
[Result "0-1"]
[WhiteElo "2307"]
[BlackElo "2562"]

1.e4 e6 2.d4 d5 3.Nc3 Bb4 4.e5 Ne7 5.a3 Bxc3+ 6.bxc3 c5 7.Qg4 Kf8 8.Bd3 Qa5
9.Bd2 Qa4 10.Nf3 Nbc6 11.Qh5 h6 12.dxc5 Qa5 13.O-O Qxc5 14.Rfb1 Qa5 15.c4 Qc7
16.cxd5 Nxd5 17.c4 Nde7 18.Bb4 Nxb4 19.axb4 Bd7 20.Nd4 Rd8 21.Qe2 a6 22.Rd1 Nc6
23.Nxc6 Bxc6 24.Qe3 g6 25.Be4 Rxd1+ 26.Rxd1 Qxe5 27.Bxc6 Qxe3 28.fxe3 bxc6
29.Ra1 Ke7 30.Rxa6 Rb8 31.Ra4 Kd6 32.Kf2 f5 33.Ke2 g5 34.Kd3  0-1

[Event "75th Ambelokipi Open"]
[Site "Athens GRE"]
[Date "2007.01.17"]
[Round "2"]
[White "Vlahos,A"]
[Black "Skalkotas,N"]
[Result "1/2-1/2"]
[WhiteElo "1972"]
[BlackElo "2288"]

1.e4 e6 2.d4 d5 3.Nc3 Bb4 4.e5 b6 5.a3 Bf8 6.f4 Qd7 7.Nf3 Ne7 8.Bd3 Ba6 9.Ne2 c5
10.c3 Bxd3 11.Qxd3 c4 12.Qc2 h5 13.Be3 Nf5 14.Bf2 Nc6 15.g3 O-O-O 16.O-O-O Na5
17.Rdg1 Nb3+ 18.Kd1 b5 19.Nc1 Na5 20.h3 Be7 21.g4 hxg4 22.hxg4 Rxh1 23.Rxh1 Nh6
24.Bg1 Nc6 25.Qg2 a5 26.Be3 Bf8 27.Nh4 Ne7 28.Rf1 b4 29.axb4 axb4 30.f5 Qa4+
31.Ke1 Qa1 32.Bxh6 gxh6 33.Qd2 Nc6 34.Kf2 Be7 35.Nf3 Kd7 36.Ne2 Qa2 37.Kg3 bxc3
38.fxe6+ fxe6 39.Nxc3 Qb3 40.Rf2 Qb6 41.Qxh6 Nxd4 42.Nxd5 Qb3 43.Nxe7 Kxe7
44.Qh7+ Ke8 45.Qg8+ Kd7 46.Qf7+ Kc8 47.Kg2 Qb6 48.Nxd4 Rxd4 49.Qf8+  1/2-1/2

[Event "GM"]
[Site "Geneve SUI"]
[Date "2007.01.28"]
[Round "9"]
[White "Vernay,C"]
[Black "Huss,A"]
[Result "1-0"]
[WhiteElo "2341"]
[BlackElo "2342"]

1.e4 e6 2.d4 d5 3.Nc3 Bb4 4.e5 Qd7 5.a3 Bxc3+ 6.bxc3 b6 7.Qg4 f5 8.Qg3 Ba6
9.Bxa6 Nxa6 10.a4 Nb8 11.h4 Nc6 12.Nh3 Na5 13.Nf4 O-O-O 14.Nh5 g6 15.Nf4 Ne7
16.h5 Nc4 17.h6 Rhg8 18.Nh3 Nc6 19.Bg5 Rdf8 20.Bf6 Nd6 21.Bg7 Ne4 22.Qd3 Re8
23.O-O g5 24.a5 Qf7 25.axb6 cxb6 26.Rfb1 Qb7 27.Rb2 Kb8 28.c4 dxc4 29.Qxc4 Rd8
30.c3 Rd5 31.f3 Ng3 32.Nxg5 Rc8 33.Qd3 Qd7 34.Qa6 Nh5 35.Nxe6 Nxg7 36.hxg7 Ra5
37.Rxa5 Nxa5 38.Qxa5 Qxe6 39.Qb4 Qf7 40.Qd6+ Kb7 41.Qf6 Qc4 42.Rc2 Qb3 43.Qxf5 Rc6
44.Qxh7  1-0

[Event "12th HIT Open A"]
[Site "Nova Gorica SLO"]
[Date "2007.01.29"]
[Round "6"]
[White "Jovanovic,Zo CRO"]
[Black "Sebenik,M"]
[Result "1/2-1/2"]
[WhiteElo "2557"]
[BlackElo "2434"]

1.e4 e6 2.d4 d5 3.Nc3 Bb4 4.e5 Ne7 5.Bd2 b6 6.Nce2 Bxd2+ 7.Qxd2 c5 8.Nf3 Nbc6
9.c3 Ba6 10.g3 O-O 11.Nf4 Bxf1 12.Kxf1 cxd4 13.cxd4 Ng6 14.Rc1 Rc8 15.Kg2 Nxf4+
16.Qxf4 Qe7 17.Rc3 Nb4 18.Rxc8 Rxc8 19.a3 Nc6 20.Rc1  1/2-1/2

[Event "TCh-NED 2006-7"]
[Site "Netherlands NED"]
[Date "2007.02.03"]
[Round "5"]
[White "Pruijssers,R"]
[Black "Willemze,T"]
[Result "1-0"]
[WhiteElo "2357"]
[BlackElo "2393"]

1.e4 e6 2.d4 d5 3.Nc3 Bb4 4.e5 b6 5.a3 Bf8 6.Nf3 Qd7 7.b4 c5 8.dxc5 bxc5
9.bxc5 Ba6 10.Bxa6 Nxa6 11.O-O Ne7 12.Rb1 Nxc5 13.Qe2 Nc6 14.Be3 Be7 15.Rb5 Na6
16.Rfb1 Nc7 17.Rb7 O-O 18.a4 Rfc8 19.Qd3 Qd8 20.Nb5 Nb4 21.Rxb4 Bxb4 22.Nxa7 Rcb8
23.Nc6 Rxb7 24.Nxd8 Rxd8 25.Ng5 g6 26.h4 Be7 27.a5 d4 28.Bxd4 Bxg5 29.hxg5 Nb5
30.Qf3 Rdb8 31.Bb6 Nc7 32.c4 Na6 33.Qc6 Nb4 34.Qb5 Nc2 35.Qb2  1-0

[Event "5th I Platonov Mem"]
[Site "Kyiv UKR"]
[Date "2007.02.04"]
[Round "2"]
[White "Pavlov,S2"]
[Black "Vysochin,S"]
[Result "1/2-1/2"]
[WhiteElo "2414"]
[BlackElo "2526"]

1.e4 e6 2.d4 d5 3.Nc3 Bb4 4.e5 Ne7 5.a3 Bxc3+ 6.bxc3 b6 7.Qg4 Ng6 8.Bg5 Qd7
9.h4 h5 10.Qd1 Qa4 11.Bd3 Ba6 12.Bxg6 fxg6 13.Nh3 Qc4 14.Qd2 c5 15.Be3 Nc6
16.Nf4 Kf7 17.Qd3 Qxd3 18.cxd3  1/2-1/2

[Event "2nd GM"]
[Site "Soller ESP"]
[Date "2007.02.05"]
[Round "1"]
[White "Vila Gazquez,X"]
[Black "Mirzoev,A"]
[Result "1/2-1/2"]
[WhiteElo "2407"]
[BlackElo "2526"]

1.e4 e6 2.d4 d5 3.Nc3 Bb4 4.e5 Ne7 5.a3 Bxc3+ 6.bxc3 b6 7.Qg4 Ng6 8.h4 h5
9.Qg3 Ba6 10.Ne2 Qc8 11.Nf4 Nxf4 12.Bxf4 Rh7 13.Bd3 Bxd3 14.cxd3 Nc6 15.O-O Ne7  1/2-1/2

[Event "Zima Rating Tournament"]
[Site "St Petersburg RUS"]
[Date "2007.02.07"]
[Round "8"]
[White "Nikitin,Alek"]
[Black "Yankovsky,R"]
[Result "1/2-1/2"]
[WhiteElo "2225"]
[BlackElo "2164"]

1.e4 e6 2.d4 d5 3.Nc3 Bb4 4.e5 Ne7 5.a3 Bxc3+ 6.bxc3 b6 7.Qg4 Ng6 8.h4 h5
9.Qg3 Ba6 10.Bxa6 Nxa6 11.Qd3 Nb8 12.Bg5 Qd7 13.Ne2 Nc6 14.Ng3 Nge7 15.Qf3 g6
16.Bf6 Rh7 17.Ne2 Na5 18.g4 hxg4 19.Qxg4 O-O-O 20.h5 Rg8 21.h6 Nf5 22.Qf4 Qa4
23.Ra2 c5 24.dxc5 Qxf4 25.Nxf4 Rxh6 26.Rxh6 Nxh6 27.cxb6 axb6 28.f3 Nc4 29.Ke2 Nf5
30.Nh3 Ng3+ 31.Kf2 Nh5 32.Ng5 Nxf6 33.exf6 Kd7 34.Ra1 Nd6 35.Rh1 Rc8 36.Rh7 Rxc3
37.Nxf7 Rxc2+ 38.Kg3 Nxf7 39.Rxf7+ Ke8  1/2-1/2

[Event "5th I Platonov Mem"]
[Site "Kyiv UKR"]
[Date "2007.02.08"]
[Round "7"]
[White "Vedmediuc,S"]
[Black "Vysochin,S"]
[Result "0-1"]
[WhiteElo "2380"]
[BlackElo "2526"]

1.e4 e6 2.d4 d5 3.Nc3 Bb4 4.e5 b6 5.Qg4 Bf8 6.a4 Ba6 7.Bxa6 Nxa6 8.a5 Nb4
9.Qe2 Nc6 10.Qb5 Qd7 11.axb6 cxb6 12.Nf3 Nge7 13.O-O Nf5 14.Qd3 Rc8 15.Bf4 Be7
16.Rfc1 O-O 17.Nd1 a5 18.Ne3 Nxe3 19.fxe3 h6 20.c3 a4 21.Nd2 Na5 22.Rf1 Nc4
23.Nxc4 Rxc4 24.e4 Qc6 25.Qg3 Kh7 26.exd5 exd5 27.e6 a3 28.bxa3 Rxc3 29.Rac1 Rxc1
30.Rxc1 Qxe6 31.Re1 Qd7 32.Bc7 Ra8 33.Bxb6 Rxa3 34.Qf2 Bf6 35.h3 Kg8 36.Bc5 Ra6
37.Rb1 Re6 38.Rb8+ Kh7 39.Qf5+ g6 40.Qf4 Bg5 41.Qf1 Rf6 42.Qd3 Re6 43.Rb1 Re3
44.Qa6 Qe8 45.Qf1 Kg7 46.Bd6 Bf6 47.Bf4 Re6 48.Qf2 g5 49.Be5 Bxe5 50.dxe5 Rxe5
51.Qd4 Kg8 52.Rb6 Re6 53.Rb2 Re1+ 54.Kf2 Qe5 55.Rb8+ Qxb8 56.Kxe1 Qg3+ 57.Kd1 Qxg2
58.h4 Qf3+  0-1

[Event "ch-St Petersburg sf"]
[Site "St Petersburg RUS"]
[Date "2007.02.11"]
[Round "2"]
[White "Gorovykh,E"]
[Black "Yankovsky,R"]
[Result "1/2-1/2"]
[WhiteElo "2381"]
[BlackElo "2164"]

1.e4 e6 2.d4 d5 3.Nc3 Bb4 4.e5 Ne7 5.a3 Bxc3+ 6.bxc3 b6 7.Qg4 Ng6 8.h4 h5
9.Qg3 Ba6 10.Bxa6 Nxa6 11.Ne2 Qd7 12.Nf4 Nxf4 13.Bxf4 g6 14.Qd3 Nb8 15.Bg5 Nc6
16.Bf6 Rh7 17.Ke2 Na5 18.g4 Qa4 19.gxh5 Rxh5 20.Rhb1 Qc4 21.Rb4 Qxd3+ 22.cxd3 Nc6
23.Rbb1 Ne7 24.a4 a5 25.Rg1 Nf5 26.Rg5 Rxg5 27.hxg5 Kd7 28.Kd2 Kc6 29.Kc2 Kd7
30.Kb3 Rg8 31.Rh1  1/2-1/2

[Event "ch-St Petersburg sf"]
[Site "St Petersburg RUS"]
[Date "2007.02.12"]
[Round "3"]
[White "Lanin,A"]
[Black "Shchukin,D"]
[Result "1-0"]
[WhiteElo "2465"]
[BlackElo "2336"]

1.e4 e6 2.d4 d5 3.Nc3 Bb4 4.e5 Ne7 5.a3 Bxc3+ 6.bxc3 b6 7.Qg4 Ng6 8.h4 h5
9.Qf3 Ba6 10.Bxa6 Nxa6 11.Bg5 Qd7 12.a4 Ne7 13.Ne2 Nb8 14.Nf4 g6 15.c4 Nbc6
16.c3 Rc8 17.cxd5 Nxd5 18.Ne2 Na5 19.Ng3 Qc6 20.Ne4 Qc4 21.Rc1 Nb3 22.Rb1 Rf8
23.Qe2 Na5 24.Qxc4 Nxc4 25.Ke2 f5 26.Nf6+ Nxf6 27.Bxf6 Rf7 28.Kd3 Na5 29.c4 Rd7
30.Kc3 Kf7 31.Rhd1 c6 32.Rd2 Nb7 33.Bg5 Rcc7 34.f3 Rc8 35.g4 Rg8 36.Rg1 Rc7
37.Rdg2 Rcc8 38.Bf6 hxg4 39.fxg4 fxg4 40.Rxg4 Na5 41.h5 gxh5 42.Rg7+ Rxg7
43.Rxg7+ Kf8 44.Rh7 Re8 45.Rxa7 Rb8 46.c5 Nb7 47.cxb6  1-0

[Event "ch-St Petersburg sf"]
[Site "St Petersburg RUS"]
[Date "2007.02.15"]
[Round "6"]
[White "Yankovsky,R"]
[Black "Goganov,A"]
[Result "0-1"]
[WhiteElo "2164"]
[BlackElo "2214"]

1.e4 e6 2.d4 d5 3.Nc3 Bb4 4.e5 Ne7 5.a3 Bxc3+ 6.bxc3 c5 7.h4 Qa5 8.Bd2 cxd4
9.cxd4 Qa4 10.Qg4 Nf5 11.c3 Nc6 12.Qf4 h5 13.Ne2 b6 14.Ng3 Nce7 15.Be2 Ba6
16.Bd1 Qc4 17.Be2 Qa4 18.Nxf5 Nxf5 19.Bxa6 Qxa6 20.f3 O-O-O 21.Qg5 f6 22.Qf4 g5
23.hxg5 fxg5 24.Qh2 Qd3 25.Qh3 g4 26.fxg4 Ng3 27.O-O-O hxg4 28.Qxh8 Rxh8
29.Rxh8+ Kb7 30.Kb2 Qe2 31.Kc1 Qxg2 32.Rh6 Ne2+ 33.Kb2 g3 34.Rxe6 Qe4 35.Re7+ Ka6
36.Rg7 g2 37.Rg5 Kb5 38.Rg7 a5 39.Rg8 a4 40.Rg7 Qf3 41.Kc2 Qf5+ 42.Kb2 Qf2
43.e6 g1=Q 44.Rgxg1 Nxg1 45.e7 Qe2 46.e8=Q+ Qxe8 47.Rxg1 Qe2 48.Kc2 Kc4 49.Rg3 Qe4+
50.Kb2 Qe8 51.Bc1 Qe2+ 52.Kb1 Kb3 53.c4+ Kxc4 54.Bb2 Qe1+  0-1

[Event "ch-St Petersburg sf"]
[Site "St Petersburg RUS"]
[Date "2007.02.18"]
[Round "9"]
[White "Melnikov,D"]
[Black "Yankovsky,R"]
[Result "0-1"]
[WhiteElo "2353"]
[BlackElo "2164"]

1.e4 e6 2.d4 d5 3.Nc3 Bb4 4.e5 Ne7 5.Bd2 c5 6.Nb5 Bxd2+ 7.Qxd2 O-O 8.c3 Nbc6
9.f4 cxd4 10.cxd4 Nf5 11.Nf3 a6 12.Nc3 f6 13.g4 Nh6 14.h3 fxe5 15.dxe5 d4
16.Ne4 Qa5 17.Qxa5 Nxa5 18.Bd3 Nc6 19.Neg5 g6 20.Kf2 Rxf4 21.Kg3 Rf8 22.h4 Nf7
23.Nxf7 Rxf7 24.h5 Bd7 25.hxg6 hxg6 26.Rh6 Rxf3+ 27.Kxf3 Nxe5+ 28.Ke4 Nxd3
29.Kxd3 Kg7 30.g5 e5 31.Rah1 Kf7 32.Rf1+ Bf5+ 33.Kc4 Ke6 34.Rfh1 Rc8+ 35.Kb4 e4
36.Rh8 Rxh8 37.Rxh8 Ke5 38.Rh4 Be6 39.a4 e3 40.a5 e2 41.Rh1 Ke4 42.Kc5 d3  0-1

[Event "Masters"]
[Site "Bunratty IRL"]
[Date "2007.02.24"]
[Round "3"]
[White "Quinn,R"]
[Black "Redmond,J"]
[Result "1/2-1/2"]
[WhiteElo "2044"]
[BlackElo "2226"]

1.e4 e6 2.d4 d5 3.Nc3 Bb4 4.e5 b6 5.Qg4 Bf8 6.a4 Nc6 7.Bb5 Bd7 8.Bg5 Nge7
9.Nf3 Nb4 10.Rc1 a6 11.Bd3 Bc6 12.O-O Qd7 13.b3 h6 14.Bd2 Nxd3 15.cxd3 Nf5
16.Ne2 a5 17.Nf4 Bb7 18.Rc2 c6 19.Rfc1 Rc8 20.h4 Ba6 21.Qh3 h5 22.Be3 Ba3
23.Ra1 Be7 24.Ng5 Bb4 25.Rac1 Rc7 26.g3 Bb7 27.Qf1 Kd8 28.Qe2 g6 29.Nfh3 Kc8
30.Nf3 Ba6 31.Bg5 Kb7 32.Bf6 Rhc8 33.Nhg5 c5 34.dxc5 Bxc5 35.Kg2 Nd4 36.Nxd4 Bxd4
37.Qd2 Rxc2 38.Rxc2 Rxc2 39.Qxc2 Qc7 40.Qd2 Qc3 41.Qxc3 Bxc3 42.Nxf7 Kc6
43.Ng5 Kd7 44.f3 Bxd3 45.g4 Bc2 46.Nh7  1/2-1/2

[Event "23rd Open"]
[Site "Cappelle la Grande FRA"]
[Date "2007.03.03"]
[Round "1"]
[White "Perez,Rod"]
[Black "Apicella,M"]
[Result "1/2-1/2"]
[WhiteElo "2395"]
[BlackElo "2534"]

1.e4 e6 2.d4 d5 3.Nc3 Bb4 4.e5 Ne7 5.Bd2 b6 6.Nf3 Ba6 7.Ne2 Bxd2+ 8.Qxd2 c5
9.O-O-O Nbc6 10.Nf4 Bxf1 11.Rhxf1 Qc7 12.Rfe1 Rc8 13.h4 Nxd4 14.Nxd4 cxd4
15.Qe2 Nc6 16.Rd2 O-O 17.Nh5 Kh8 18.f4 Nb4 19.a3 d3 20.Qg4 Na2+ 21.Kb1 dxc2+
22.Kxa2 g6 23.Rc1 gxh5 24.Qg5 f6 25.exf6 Qf7 26.g3 Rg8 27.Qe5 Rcf8 28.Rd3 Qxf6
29.Qxh5 Rg7 30.Rxc2 Rfg8 31.Rc6 Rxg3 32.Rxd5 Qxf4 33.Rd7 R3g7 34.Qd1 e5 35.Rxg7 Rxg7
36.Qd6 Qf7+ 37.Qe6 h5 38.Qxf7 Rxf7 39.Rh6+ Kg7 40.Rxh5 Kf6 41.Kb3 Rc7 42.Rh8 e4
43.h5 Kg5 44.h6 Kf4 45.h7 Ke3 46.Kb4 Ke2  1/2-1/2

[Event "TCh-AUT 2006-7"]
[Site "Mattersburg AUT"]
[Date "2007.03.10"]
[Round "10"]
[White "Korneev,O"]
[Black "Dizdar,G"]
[Result "1-0"]
[WhiteElo "2606"]
[BlackElo "2541"]

1.e4 e6 2.d4 d5 3.Nc3 Bb4 4.e5 b6 5.a3 Bxc3+ 6.bxc3 Qd7 7.Qg4 f5 8.Qg3 Ba6
9.Bxa6 Nxa6 10.Ne2 Kf7 11.a4 Nb8 12.h4 Ne7 13.h5 h6 14.Nf4 Re8 15.Ba3 Nbc6
16.Qd3 Na5 17.Bxe7 Kxe7 18.Rh3 Kd8 19.Rg3 Re7 20.Rg6 Kc8 21.Qa6+ Kb8 22.Qb5 Kc8
23.Qa6+ Kb8 24.Nd3 Qc6 25.Nc5 Nb7 26.Nxb7 Qxb7 27.Qb5 a5 28.f3 Ka7 29.c4 dxc4
30.Qxc4 Rd8 31.Rb1 Qd5 32.Qxd5 Rxd5 33.c3 c6 34.Ke2 b5 35.f4 bxa4 36.g4 fxg4
37.f5 exf5 38.Rxc6 Rb7 39.Ra1 Rb6 40.Rc7+ Rb7 41.Rc4 Rb2+ 42.Kd3 g3 43.e6 Rb7
44.Rcxa4 f4 45.Ke4 Rxh5 46.d5 Re7 47.Rxa5+ Kb6 48.c4  1-0

[Event "TCh-BEL 2006-7"]
[Site "Belgium BEL"]
[Date "2007.03.11"]
[Round "10"]
[White "Meessen,R"]
[Black "Van der Burch,A"]
[Result "1-0"]
[WhiteElo "2315"]
[BlackElo "2203"]

1.e4 e6 2.d4 d5 3.Nc3 Bb4 4.e5 Ne7 5.a3 Bxc3+ 6.bxc3 c5 7.Qg4 Qc7 8.Qxg7 Rg8
9.Qxh7 cxd4 10.Ne2 Nbc6 11.f4 dxc3 12.Qd3 d4 13.Rb1 Bd7 14.h3 O-O-O 15.g4 Na5
16.Nxd4 Bc6 17.Rh2 Nd5 18.Nb5 Bxb5 19.Qxb5 f6 20.Re2 fxe5 21.Rxe5 Nc6 22.Re4 Nf6
23.Rc4 Rd5 24.Qb3 Rgd8 25.Be3 e5 26.Qxc3 exf4 27.Bxf4 Qe7+ 28.Be2 Qe6 29.Kf1 Ne4
30.Qb2 Rd1+ 31.Rxd1 Rxd1+ 32.Bxd1 Qxc4+ 33.Kg2 Nd4 34.g5 Nc3 35.Bg4+ Kd8
36.Qxb7 Ne6 37.Qb8+ Ke7 38.Qd6+  1-0

[Event "I Open"]
[Site "La Laguna ESP"]
[Date "2007.03.11"]
[Round "8"]
[White "Sanz Alonso,F"]
[Black "Barsov,A"]
[Result "1-0"]
[WhiteElo "2415"]
[BlackElo "2521"]

1.e4 e6 2.d4 d5 3.Nc3 Bb4 4.e5 Ne7 5.a3 Bxc3+ 6.bxc3 c5 7.Qg4 Qc7 8.Qxg7 Rg8
9.Qxh7 cxd4 10.Ne2 Nbc6 11.f4 Bd7 12.Qd3 dxc3 13.Rb1 d4 14.h3 O-O-O 15.g4 Kb8
16.Bg2 Bc8 17.O-O b6 18.Ng3 Bb7 19.Ne4 Na5 20.Rf2 Nc4 21.Rb4 Ne3 22.Bf3 N7f5
23.Ng5 Rxg5 24.fxg5 Qxe5 25.Bxb7 Kxb7 26.Bxe3 Qg3+ 27.Rg2 Qe1+ 28.Kh2 Nxe3
29.Qe4+ Rd5 30.Rxd4 Nxg2 31.Kxg2 Qxe4+ 32.Rxe4 Rxg5 33.Rc4 f5 34.h4 Rg7 35.g5 e5
36.Rxc3 a5 37.Rg3 e4 38.g6 f4 39.Rg4 e3 40.Kf3 Re7 41.Rg2  1-0

[Event "VS Arhipov Mem"]
[Site "Chelyabinsk RUS"]
[Date "2007.03.12"]
[Round "4"]
[White "Romanov,E"]
[Black "Mkrtchian,L"]
[Result "1-0"]
[WhiteElo "2501"]
[BlackElo "2458"]

1.e4 e6 2.d4 d5 3.Nc3 Bb4 4.e5 Ne7 5.a3 Bxc3+ 6.bxc3 c5 7.Qg4 O-O 8.Bd3 Nbc6
9.Qh5 Ng6 10.Nh3 Qc7 11.O-O c4 12.Be2 f6 13.exf6 Rxf6 14.Bg5 Rf8 15.f4 Nce7
16.Bxe7 Nxe7 17.Bg4 Nf5 18.Bxf5 Rxf5 19.Ng5 g6 20.Qh4 a5 21.Rae1 Ra6 22.Re3 Rb6
23.Nxh7 Bd7 24.Rh3  1-0

[Event "ch-RUS U20"]
[Site "Saint Petersburg RUS"]
[Date "2007.03.12"]
[Round "3"]
[White "Romanov,E"]
[Black "Vitiugov,N"]
[Result "1/2-1/2"]
[WhiteElo "2501"]
[BlackElo "2604"]

1.e4 e6 2.d4 d5 3.Nc3 Bb4 4.e5 Ne7 5.a3 Bxc3+ 6.bxc3 c5 7.Qg4 O-O 8.Bd3 Nbc6
9.Qh5 Ng6 10.Nh3 Qc7 11.O-O c4 12.Be2 f6 13.exf6 Rxf6 14.Bg5 Rf8 15.Bd2 Rf6
16.Bg5 Rf8 17.f4 Bd7 18.Bg4 Qd6 19.Rfe1 a5 20.g3 Rae8 21.Bh4 Nxh4 22.Qxh4 h6
23.a4 Ne7 24.Nf2 Nc8 25.Bh5  1/2-1/2

[Event "Rector Cup w"]
[Site "Kharkiv UKR"]
[Date "2007.03.24"]
[Round "8"]
[White "Mokhova,K"]
[Black "Nikolaeva,A1"]
[Result "1-0"]
[WhiteElo "2108"]
[BlackElo "2238"]

1.e4 e6 2.d4 d5 3.Nc3 Bb4 4.e5 Ne7 5.a3 Bxc3+ 6.bxc3 c5 7.Qg4 O-O 8.h4 f5
9.Qg3 Nbc6 10.Ne2 Qa5 11.Bd2 Qa4 12.Ra2 cxd4 13.cxd4 Nxd4 14.Nxd4 Qxd4 15.Be2 Nc6
16.f4 Bd7 17.Qb3 Qe4 18.Qf3 Qa4 19.Qf2 Rac8 20.Bd3 b6 21.O-O Na5 22.Bb4 Rfe8
23.Rb1 Bb5 24.Rab2 Bxd3 25.cxd3 Rc6 26.Kh2 Rec8 27.Qg3 Nb7 28.h5 Rc1 29.h6 g6
30.Qg5 Qd1 31.Rxc1 Rxc1 32.Bd2 Rc7 33.Qf6 Qh5+ 34.Kg1 Qxh6 35.Qxe6+ Kh8 36.Qxd5 Qh5
37.e6 Qd1+ 38.Kf2 Re7 39.Qe5+  1-0

[Event "Spring Open"]
[Site "Belgrade SRB"]
[Date "2007.03.27"]
[Round "2"]
[White "Paulic,B"]
[Black "Ostojic,S"]
[Result "1-0"]
[WhiteElo "2240"]
[BlackElo "2046"]

1.e4 e6 2.d4 d5 3.Nc3 Bb4 4.e5 Ne7 5.a3 Bxc3+ 6.bxc3 c5 7.Nf3 Nbc6 8.a4 Qa5
9.Bd2 c4 10.Be2 Bd7 11.O-O h6 12.Qb1 Nf5 13.Bc1 O-O 14.Ba3 Rfd8 15.Bb4 Nxb4
16.cxb4 Qb6 17.a5 Qb5 18.c3 a6 19.Bd1 Qc6 20.Bc2 Rac8 21.g4 Ne7 22.Qc1 Be8
23.h4 Qc7 24.h5 Kf8 25.Nh4 Ng8 26.f4 f6 27.Qe3 Bf7 28.Rae1 Re8 29.Qf3 Qd7
30.Ra1 Re7 31.Rae1 Qc6 32.Qd1 b5 33.Qe2 Rcc7 34.Bd1 Ke8 35.Qc2 Kd8 36.Qh7 Qe8
37.Qc2 Kc8 38.f5 Kb8 39.Ng6 Bxg6 40.fxg6 Qd7 41.Bf3 Rc8 42.Qh2 Qc7 43.Re2 Rce8
44.Rfe1 Kc8 45.exf6 Qxh2+ 46.Kxh2 Nxf6 47.Kg3 Kd7 48.Re5 Kd6 49.g5 hxg5 50.Rxg5 e5
51.h6 gxh6 52.Rf5 Nd7 53.Rh1 Rh8 54.dxe5+ Rxe5 55.g7 Rg8 56.Rxh6+ Ke7 57.Rxe5+ Nxe5
58.Bxd5 Rxg7+ 59.Kf4 Nd3+ 60.Ke3 Rg3+ 61.Kd2 Nf4 62.Be4 Ne6 63.Bf5 Ng7 64.Bc8 Rd3+
65.Kc2 Rf3 66.Rxa6 Rf2+ 67.Kd1 Nh5 68.Re6+ Kf7 69.Re5 Nf4 70.Rxb5 Nd3 71.Rf5+ Ke7
72.Rxf2 Nxf2+ 73.Kc2 Kd8 74.Be6  1-0

[Event "30th Open"]
[Site "San Sebastian ESP"]
[Date "2007.04.03"]
[Round "3"]
[White "Bert,J"]
[Black "Huerga Leache,M"]
[Result "0-1"]
[WhiteElo "2117"]
[BlackElo "2344"]

1.e4 e6 2.d4 d5 3.Nc3 Bb4 4.e5 Ne7 5.a3 Bxc3+ 6.bxc3 b6 7.Nf3 Ba6 8.Bxa6 Nxa6
9.O-O Nb8 10.Ng5 h6 11.Qh5 g6 12.Qh3 Qd7 13.g4 Nbc6 14.f4 Nd8 15.a4 Kf8 16.Nf3 h5
17.Ba3 Kg8 18.Nh4 hxg4 19.Qxg4 Nf5 20.Nxf5 exf5 21.Qg5 Rh5 22.Qe7 Qxe7 23.Bxe7 Ne6
24.Kg2 Re8 25.Bf6 Nf8 26.Rab1 Nh7 27.Rfe1 c6 28.Kg3 Nxf6 29.exf6 Re4 30.c4 dxc4
31.a5 b5 32.Rxe4 fxe4 33.Re1 b4 34.Rxe4 b3 35.cxb3 cxb3 36.Re8+ Kh7 37.Rf8 b2
38.Rxf7+ Kg8  0-1

[Event "9th Open"]
[Site "Foxwoods USA"]
[Date "2007.04.05"]
[Round "3"]
[White "Colding,E"]
[Black "Andrews,T"]
[Result "0-1"]
[WhiteElo "2186"]
[BlackElo "2298"]

1.e4 e6 2.d4 d5 3.Nc3 Bb4 4.e5 Qd7 5.Bd2 b6 6.Qg4 f5 7.Qh3 Ba6 8.Nge2 c5
9.a3 Bxc3 10.Qxc3 cxd4 11.Nxd4 Bxf1 12.Rxf1 Ne7 13.Bg5 Ng6 14.h4 O-O 15.Nf3 Rc8
16.Qe3 Rxc2 17.h5 Nf8 18.Nd4 Rc4 19.b3 Rc5 20.h6 g6 21.Bf6 Nc6 22.Nf3 d4
23.Qg5 Qd5 24.Be7 Qe4+ 25.Kd1 Qc2+ 26.Ke1 Nxe5 27.Nd2 Nf7  0-1

[Event "Kaupthing IM"]
[Site "Reykjavik ISL"]
[Date "2007.04.07"]
[Round "6"]
[White "Bergsson,Sn"]
[Black "Lamoureux,C"]
[Result "1-0"]
[WhiteElo "2296"]
[BlackElo "2360"]

1.e4 e6 2.d4 d5 3.Nc3 Bb4 4.e5 Ne7 5.a3 Bxc3+ 6.bxc3 b6 7.Qg4 Ng6 8.Bb5+ c6
9.Bd3 Ba6 10.Ne2 Bxd3 11.cxd3 h5 12.Qg3 Nd7 13.Bg5 Qc7 14.O-O Ne7 15.Bxe7 Kxe7
16.Qg5+ Kf8 17.a4 g6 18.a5 Kg7 19.axb6 axb6 20.Rxa8 Rxa8 21.Nf4 Kf8 22.Qh6+ Ke7
23.Nxg6+ fxg6 24.Qg7+ Ke8 25.Qxg6+ Ke7 26.Qh7+ Ke8 27.Qxh5+ Ke7 28.Qh7+ Ke8
29.f4 Rc8 30.Qg6+ Ke7 31.Qg5+ Kf7 32.f5 Re8 33.fxe6+ Kxe6 34.Qg7  1-0

[Event "Open"]
[Site "Metz FRA"]
[Date "2007.04.18"]
[Round "5"]
[White "Sandu,Mi"]
[Black "Nguyen Chi Minh"]
[Result "1-0"]
[WhiteElo "2226"]
[BlackElo "2345"]

1.e4 e6 2.d4 d5 3.Nc3 Bb4 4.e5 Qd7 5.Qg4 f5 6.Qg3 b6 7.a3 Bf8 8.b4 c6 9.b5 a6
10.bxc6 Nxc6 11.Nf3 b5 12.Bd3 Nge7 13.O-O Na5 14.Bd2 Nc4 15.Bxc4 dxc4 16.d5 Nxd5
17.Nxd5 Qxd5 18.Rfd1 Qb7 19.Ba5 Bd7 20.Rd2 Bc6 21.Ng5 Bd5 22.Nxh7 Qf7 23.Rxd5 Rxh7
24.Rd2 Qh5 25.h3 Bc5 26.Rad1 g5 27.Bb4 Bxb4 28.axb4 g4 29.Qe3 Rf7 30.hxg4 Qxg4
31.Qh6 Qg7 32.Qh5 Kf8 33.Rd8+  1-0

[Event "9th Open"]
[Site "Dubai UAE"]
[Date "2007.04.25"]
[Round "4"]
[White "Megaranto,S"]
[Black "Kamble,V"]
[Result "1-0"]
[WhiteElo "2530"]
[BlackElo "2339"]

1.e4 e6 2.d4 d5 3.Nc3 Bb4 4.e5 Qd7 5.Qg4 f5 6.Qh5+ Qf7 7.Qd1 b6 8.a3 Bf8
9.Nh3 Bb7 10.Be2 Nc6 11.O-O O-O-O 12.b4 h6 13.Nf4 Nge7 14.a4 g5 15.Nh5 Nxb4
16.a5 Kb8 17.Ba3 Nc8 18.axb6 cxb6 19.Nb5 a6 20.c3 Nc6 21.Bxf8 Rhxf8 22.Na3 b5
23.Nb1 Qc7 24.Nd2 Na5 25.Qc2 Rf7 26.Rfb1 Nc4 27.Nb3 Qb6 28.Qd3 Rc7 29.Nf6 g4
30.h3 h5 31.h4 Na7 32.Qg3 Rh8 33.Nc5 Bc8 34.Rxa6 Qxa6 35.Nxa6+ Bxa6 36.Bxc4 Rxc4
37.Nd7+ Kc7 38.Nc5 Bc8 39.Qe3 Kb6 40.Qg5 Nc6 41.Qg7 Re8 42.Qf7 Re7 43.Qxh5 Kc7
44.Qg5 Rxc3 45.h5 Rc4 46.h6 Rxd4 47.Qg8 g3 48.h7 gxf2+ 49.Kxf2 Rg4 50.Qxg4 fxg4
51.h8=Q Rf7+ 52.Kg3  1-0